000 01133nam0a22002651 4500
001 rc\329418
005 20030307122523.0
035 _a(NLR Aleph) 005563070
090 _a5932225
_c5932225
100 _a20030307d1989 u |0rusy50 ca
101 0 _arus
102 _aRU
105 _aa |||||||||
200 1 _aОбщие методические положения по переводу научных организаций на арендный подряд
210 _aМ.
_cИзд-во ЦНИИ "Электроника"
_d1989
215 _a32 с.
_cсхем.
_d21
225 1 _aНормативные и методические материалы
_fЦНИИ "Электроника"
_vВып. 157
_hСерия 2
_iЭкономика и системы управления
_vВып. 6
300 _aНа обл. авт. не указаны
300 _aВ надзаг. также: М-во электрон. пром-сти СССР
700 1 _aБердочкина
_bГ. П.
_gГалина Петровна
801 0 _aRU
_bNLR
_gpsbo
801 1 _aRU
_bELAR
_2rusmarc
852 _aNLR
_jП10/4740
942 _cBOOK
980 _aNB